000 00596nam a2200229 a 4500
999 _c5464
_d5464
001 5464
003 BD-JhCC
005 20191112134008.0
008 171214s1958 u a|||| ||| 001 0 eng d
035 _a(BD-JhCC)5464
040 _aBD-JhCC
_dBD-JhCC
041 _aeng
082 _a516.24
_bCOR 1958
100 _aCorliss, John J.
245 _aPlane Trigonometry /
_cJohn J. Corliss,
260 _aBoston :
_bHoughton Mifflin Company,
_c1958.
300 _a397 p. :
_bill. ;
_c22 cm.
504 _aIncludes Index
650 _aPlane Trigonometry
942 _2ddc
_cBK
_04